000 00788nam a2200217Ia 4500
003 GCL
008 140319s9999 xx 000 0 ara d
040 _aGCL /
_cGCL
082 0 4 _aق
_b962.064
_bم و
100 1 _aموسى صبرى
245 1 0 _aوثائق 15 مايو /
_cموسى صبرى
300 _a416 ص
490 _aالهيئة العامة للاستعلامات
_v0
650 0 4 _aالاحوال السياسية
650 0 4 _aالجرائم السياسية
650 0 4 _aمصر - تاريخ - العصر الحديث - جمال عبدالناصر ( 1954-1970 )
650 0 4 _aمصر - تاريخ - العصر الحديث (1805 - 1956 )
650 0 4 _aمصر - رؤساء الجمهورية
650 0 4 _aجمال عبدالناصر - تاريخ
942 _2ddc
_cBK
999 _c50474
_d50474